| 000 | 00553nam a2200229Ia 4500 | ||
|---|---|---|---|
| 008 | 210210b1999 xxu||||| |||| 00| 0 eng d | ||
| 082 | _a658.022 DESS | ||
| 100 | _aDESAI (Vasant) | ||
| 245 | _aSmall scale enterprises: Credit delivery system V1-12 | ||
| 260 |
_aBangalore. _bHimalaya Publishing House _c1999 |
||
| 300 | _a513 | ||
| 440 | _a5 | ||
| 650 | _aV1-12 | ||
| 650 | _asystem | ||
| 650 | _aSmall | ||
| 650 | _ascale | ||
| 650 | _aenterprises: | ||
| 650 | _adelivery | ||
| 650 | _aCredit | ||
| 690 | _aManagement | ||
| 906 | _a054363 | ||
| 999 |
_c102383 _d102383 |
||